Loading...
| History - Other | 0 | 6 | 0 | 2 | 60 | 78 | 117.33 | 0 | 6 | 0.00 | 0.00 |
| Literature - British | 0 | 6 | 1 | 0 | 55 | 119 | 134.33 | 2 | 6 | 0.00 | 0.00 |
| History - World | 0 | 5 | 1 | 3 | 45 | 107 | 125.40 | 0 | 5 | 0.00 | 0.00 |
| Mythology | 0 | 4 | 0 | 2 | 40 | 124 | 138.25 | 1 | 4 | 0.00 | 0.00 |
| Philosophy | 1 | 2 | 0 | 0 | 35 | 55 | 85.33 | 3 | 3 | 0.00 | 0.00 |
| Social Science | 1 | 2 | 0 | 0 | 35 | 35 | 74.00 | 1 | 3 | 0.00 | 0.00 |
| Fine Arts - Other | 0 | 4 | 1 | 2 | 35 | 96 | 132.25 | 0 | 4 | 0.00 | 0.00 |
| History - American | 0 | 3 | 0 | 1 | 30 | 115 | 121.33 | 0 | 3 | 0.00 | 0.00 |
| History - European | 0 | 3 | 0 | 1 | 30 | 120 | 128.67 | 2 | 3 | 0.00 | 0.00 |
| Fine Arts - Auditory | 0 | 3 | 1 | 0 | 25 | 80 | 104.33 | 1 | 3 | 0.00 | 0.00 |
| Science - Chemistry | 0 | 2 | 0 | 0 | 20 | 103 | 116.00 | 0 | 2 | 0.00 | 0.00 |
| Literature - American | 0 | 3 | 2 | 1 | 20 | 97 | 122.67 | 1 | 3 | 0.00 | 0.00 |
| Science - Physics | 0 | 2 | 0 | 1 | 20 | 107 | 122.50 | 1 | 2 | 0.00 | 0.00 |
| Literature - World | 0 | 2 | 1 | 0 | 15 | 139 | 143.00 | 1 | 2 | 0.00 | 0.00 |
| Literature - European | 0 | 2 | 1 | 1 | 15 | 128 | 134.50 | 0 | 2 | 0.00 | 0.00 |
| Science - Other | 0 | 2 | 1 | 0 | 15 | 114 | 119.00 | 2 | 2 | 0.00 | 0.00 |
| Fine Arts - Visual | 0 | 1 | 0 | 0 | 10 | 119 | 119.00 | 0 | 1 | 0.00 | 0.00 |
| Religion | 0 | 1 | 1 | 0 | 5 | 119 | 119.00 | 0 | 1 | 0.00 | 0.00 |
| Pop Culture | 0 | 1 | 1 | 0 | 5 | 130 | 130.00 | 1 | 1 | 0.00 | 0.00 |
| Geography | 0 | 0 | 1 | 0 | -5 | 0.00 | 0 | 0 | 0.00 | 0.00 |